000 00299nam a22001337a 4500
008 170615b xxu||||| |||| 00| 0 eng d
020 _a9780691114026
041 _aeng
080 _a324
100 _a19
101 _aSHP
245 _aGOVERNANCE IN A GLOBAL ECONOMY
_cKAHLER, M
942 _2udc
_cBK
999 _c17549
_d17549